[Event "10. Oeffinger Schachopen"]
[Site "Fellbach-Oeffingen"]
[Date "2019.06.07"]
[Round "1.1"]
[White "Ivanov, Mikail"]
[Black "Speh, Hans"]
[Result "1-0"]
[WhiteElo "2372"]
[BlackElo "1830"]
[PlyCount "39"]
[EventDate "2019.??.??"]
[WhiteTeam "SF Bad Mergentheim"]
[BlackTeam "TSV Willsbach"]

1. d4 Nf6 2. Nf3 c6 3. g3 g6 4. Bg2 Bg7 5. O-O d5 6. Bf4 Qb6 7. Qc1 O-O 8. c4
Rd8 9. c5 Qa6 10. Nc3 Bd7 11. Re1 b5 12. b4 Qc8 13. a4 bxa4 14. Rxa4 Bh3 15.
Qa3 Bxg2 16. Kxg2 Nh5 17. Be3 a6 18. Ra1 Qb7 19. Qa2 Bf6 20. g4 1-0

[Event "10. Oeffinger Schachopen"]
[Site "Fellbach-Oeffingen"]
[Date "2019.06.07"]
[Round "1.2"]
[White "Schnepp, Gunnar"]
[Black "Ihring, Uwe"]
[Result "1-0"]
[WhiteElo "2297"]
[BlackElo "1818"]
[PlyCount "41"]
[EventDate "2019.??.??"]
[WhiteTeam "SK Lauffen"]
[BlackTeam "SV Besigheim"]

1. d4 g6 2. e4 Bg7 3. Nc3 d6 4. Bg5 c6 5. Qd2 h6 6. Be3 Nd7 7. Nf3 Nb6 8. h3
Nf6 9. Bd3 Bd7 10. O-O Qc7 11. a4 a5 12. Rac1 e6 13. b3 g5 14. e5 Nfd5 15. Ne4
dxe5 16. dxe5 Bxe5 17. Nxe5 Qxe5 18. Bc5 Qf4 19. Nd6+ Kd8 20. Qxf4 gxf4 21.
Nxf7+ 1-0

[Event "10. Oeffinger Schachopen"]
[Site "Fellbach-Oeffingen"]
[Date "2019.06.07"]
[Round "1.3"]
[White "Kaiser, Andreas"]
[Black "Holzhäuer, Mathias"]
[Result "0-1"]
[WhiteElo "1806"]
[BlackElo "2265"]
[PlyCount "90"]
[EventDate "2019.??.??"]
[WhiteTeam "SF Neckartenzlingen"]
[BlackTeam "SK Schmiden/Cannstatt"]

1. Nf3 Nf6 2. g3 d5 3. d4 Nc6 4. Bg2 Bf5 5. c3 e6 6. Bg5 Be7 7. Bxf6 Bxf6 8.
O-O O-O 9. Nbd2 e5 10. dxe5 Nxe5 11. Nxe5 Bxe5 12. Nb3 c6 13. Nd4 Bg6 14. Nf3
Bf6 15. e3 a5 16. Qb3 Qc7 17. a4 Be4 18. Nd4 Bxg2 19. Kxg2 Rfe8 20. Rfd1 Re4
21. Rac1 g6 22. Qc2 Rae8 23. b3 h5 24. h4 Rg4 25. Nf3 Rxe3 26. Rd3 Re8 27. Rcd1
Qb6 28. R1d2 Qc5 29. Nh2 Rge4 30. Nf1 Bg7 31. Ne3 Bh6 32. Rd4 Bxe3 33. Rxe4
Rxe4 34. fxe3 Qxe3 35. Rf2 Qe1 36. Qd3 Re3 37. Qd4 Qxc3 38. Qf4 Re7 39. Qb8+
Kg7 40. Qd8 Qe1 41. Qd6 Qe4+ 42. Kh2 Qe5 43. Qd8 Qc7 44. Qa8 Re3 45. Rg2 Rxb3
0-1

[Event "10. Oeffinger Schachopen"]
[Site "Fellbach-Oeffingen"]
[Date "2019.06.07"]
[Round "1.4"]
[White "Danada, Tomas"]
[Black "Degenhardt, Andreas"]
[Result "1-0"]
[WhiteElo "2263"]
[BlackElo "1802"]
[PlyCount "61"]
[EventDate "2019.??.??"]
[WhiteTeam "SC Grunbach"]
[BlackTeam "SC Lorsch"]

1. d4 d5 2. c4 e6 3. Nf3 a6 4. cxd5 exd5 5. Nc3 Nf6 6. Bg5 Be6 7. e3 Nbd7 8.
Bd3 Bd6 9. Qc2 c6 10. O-O Qc7 11. Bh4 Bg4 12. Bg3 O-O 13. b4 Rfe8 14. a4 a5 15.
b5 c5 16. b6 Qxb6 17. Rab1 Qc6 18. Ne5 Bxe5 19. Bb5 Qe6 20. dxe5 Bf5 21. Qd2
Bxb1 22. exf6 Nxf6 23. Bxe8 Rxe8 24. Rxb1 Qc6 25. Rd1 Ne4 26. Nxe4 dxe4 27. Qd7
Qxd7 28. Rxd7 f6 29. Kf1 Rc8 30. Rxb7 Rc6 31. Rc7 1-0

[Event "10. Oeffinger Schachopen"]
[Site "Fellbach-Oeffingen"]
[Date "2019.06.07"]
[Round "1.5"]
[White "Zimmermann, Tobias"]
[Black "Degenhardt, Horst"]
[Result "0-1"]
[WhiteElo "1797"]
[BlackElo "2232"]
[PlyCount "76"]
[EventDate "2019.??.??"]
[WhiteTeam "SC Botnang"]
[BlackTeam "SC Lorsch"]

1. e4 d5 2. exd5 Qxd5 3. Nc3 Qd8 4. d4 Nf6 5. Nf3 Bg4 6. Bc4 e6 7. O-O c6 8.
Re1 Bxf3 9. Qxf3 Qxd4 10. Bxe6 fxe6 11. Rxe6+ Kf7 12. Re4 Qc5 13. Be3 Qh5 14.
g4 Qg6 15. Kh1 Kg8 16. Rf4 h6 17. Rd1 Nbd7 18. Rf5 Re8 19. g5 hxg5 20. Rxg5 Qf7
21. Bd4 Qe6 22. Bxf6 Qxf6 23. Qg3 Ne5 24. f4 Nf7 25. Rg6 Qh4 26. Kg2 Qxg3+ 27.
hxg3 Rh6 28. Rxh6 Nxh6 29. Rd7 Re7 30. Rd8 Nf7 31. Ra8 a6 32. Kf3 Nd6 33. b3
Rd7 34. g4 Kf7 35. Ne4 Nxe4 36. Kxe4 Bc5 37. Rb8 Rd4+ 38. Ke3 Rd8+ 0-1

[Event "10. Oeffinger Schachopen"]
[Site "Fellbach-Oeffingen"]
[Date "2019.06.07"]
[Round "1.6"]
[White "Gheng, Josef"]
[Black "Engelhardt, Frank"]
[Result "1-0"]
[WhiteElo "2199"]
[BlackElo "1786"]
[PlyCount "75"]
[EventDate "2019.??.??"]
[WhiteTeam "SK Wernau"]
[BlackTeam "SC Botnang"]

1. c4 Nf6 2. Nc3 e5 3. Nf3 Nc6 4. a3 d5 5. cxd5 Nxd5 6. g3 Nxc3 7. bxc3 Be7 8.
d3 O-O 9. Bg2 e4 10. dxe4 Qxd1+ 11. Kxd1 Bf6 12. Kc2 Re8 13. Ne1 Be6 14. Rb1
Rab8 15. Nd3 Bc4 16. f4 Be7 17. a4 b5 18. e5 Na5 19. axb5 Red8 20. Be3 Rxb5 21.
Rxb5 Bxb5 22. Ra1 Nc4 23. Bxa7 c6 24. Bf2 Ba3 25. Kb3 Bf8 26. Ra7 Nd2+ 27. Kc2
Nc4 28. Bh3 Rb8 29. e6 Na3+ 30. Kd2 fxe6 31. Bxe6+ Kh8 32. Ne5 Rd8+ 33. Bd4
Nc4+ 34. Bxc4 Bxc4 35. Nxc4 c5 36. Ne5 Kg8 37. Nf7 Rd5 38. e4 1-0

[Event "10. Oeffinger Schachopen"]
[Site "Fellbach-Oeffingen"]
[Date "2019.06.07"]
[Round "1.7"]
[White "Strauss, Martin"]
[Black "Gustain, Marc"]
[Result "0-1"]
[WhiteElo "1782"]
[BlackElo "2167"]
[PlyCount "54"]
[EventDate "2019.??.??"]
[WhiteTeam "SC Sillenbuch"]
[BlackTeam "SF Deizisau"]

1. e4 d5 2. Nf3 dxe4 3. Ng5 Bf5 4. Nc3 Nf6 5. Qe2 Nc6 6. Qc4 e6 7. Ngxe4 Nxe4
8. Nxe4 Qd5 9. Qxd5 exd5 10. Nc3 Nb4 11. Bb5+ c6 12. Ba4 Nxc2+ 13. Bxc2 Bxc2
14. d4 Bd6 15. O-O Kd7 16. Be3 Rhe8 17. Rfc1 Bg6 18. a4 a5 19. Nb1 h6 20. Nd2
Bh7 21. Nf3 Be4 22. h4 f6 23. Nd2 Bf5 24. Nb3 b6 25. Re1 Bb4 26. Rec1 Re6 27.
Nd2 Rxe3 0-1

[Event "10. Oeffinger Schachopen"]
[Site "Fellbach-Oeffingen"]
[Date "2019.06.07"]
[Round "1.8"]
[White "Heining, Thomas"]
[Black "Schmidt, Markus"]
[Result "1-0"]
[WhiteElo "2134"]
[BlackElo "1761"]
[PlyCount "115"]
[EventDate "2019.??.??"]
[WhiteTeam "Zentrumsbauer Stuttgart"]
[BlackTeam "Stuttgarter SF"]

1. e4 d6 2. d4 Nf6 3. Nc3 g6 4. Bg5 Bg7 5. Qd2 c6 6. O-O-O h6 7. Bf4 g5 8. Bg3
b5 9. Bd3 Bg4 10. f3 Bh5 11. e5 b4 12. Na4 Nd5 13. exd6 exd6 14. Re1+ Kf8 15.
Bc4 a5 16. Nh3 Na6 17. Nf2 Nf6 18. Ne4 Nxe4 19. fxe4 d5 20. exd5 cxd5 21. Bb3
Bg6 22. Kb1 Kg8 23. Ka1 Kh7 24. h4 g4 25. h5 Be4 26. Rhf1 f5 27. c3 Rc8 28. Rc1
Rf8 29. Qe2 Rc6 30. Qb5 Re6 31. Bc2 bxc3 32. bxc3 Bxc2 33. Rxc2 Re3 34. Bf4 Re6
35. Qd3 Qc8 36. Bd2 Qc4 37. Nb2 Qxd3 38. Nxd3 Rc6 39. Rb2 Rf7 40. Rb5 Nc7 41.
Rxa5 Rb6 42. Ra7 Kg8 43. Bf4 Nb5 44. Rxf7 Kxf7 45. Rb1 Ke7 46. a4 Ra6 47. Nc5
Nxc3 48. Rb7+ Kf8 49. Nxa6 Bxd4 50. Bxh6+ Kg8 51. Bc1 Nxa4+ 52. Kb1 Nc3+ 53.
Kc2 Ne4 54. h6 Nf6 55. Nb4 g3 56. Rg7+ Kh8 57. Rxg3 Ne4 58. Rd3 1-0

[Event "10. Oeffinger Schachopen"]
[Site "Fellbach-Oeffingen"]
[Date "2019.06.07"]
[Round "1.35"]
[White "Rudhart, Michael"]
[Black "Neyman, Igor"]
[Result "0-1"]
[WhiteElo "1824"]
[BlackElo "2331"]
[PlyCount "80"]
[EventDate "2019.??.??"]
[WhiteTeam "DJK Stuttgart-Süd"]
[BlackTeam "Stuttgarter SF"]

1. d4 Nf6 2. c4 e6 3. Nc3 Bb4 4. Qb3 a5 5. Nf3 O-O 6. e3 d5 7. a3 Be7 8. Bd3
Re8 9. Qc2 Nbd7 10. Ne5 dxc4 11. Nxc4 c5 12. Ne5 g6 13. f4 cxd4 14. exd4 Nb6
15. Qf2 Bd7 16. O-O Bc6 17. Nxc6 bxc6 18. Ne2 Nbd5 19. Bd2 Qb6 20. Rab1 Red8
21. h3 Rd7 22. Kh1 c5 23. dxc5 Bxc5 24. Qf3 Rb8 25. g4 Be3 26. Be1 Qb3 27. Be4
Nxe4 28. Qxe4 Qb5 29. Ng3 Bc5 30. Bd2 Nf6 31. Qc2 Qd3 32. Qxc5 Qxg3 33. Qe3
Qxe3 34. Bxe3 Rd3 35. Ba7 Rb7 36. Bc5 Rxh3+ 37. Kg2 Rhb3 38. Rf3 Rxb2+ 39. Rxb2
Rxb2+ 40. Kg3 Ne4+ 0-1

[Event "10. Oeffinger Schachopen"]
[Site "Fellbach-Oeffingen"]
[Date "2019.06.08"]
[Round "2.1"]
[White "Esterluss, Johannes"]
[Black "Ivanov, Mikail"]
[Result "0-1"]
[WhiteElo "1984"]
[BlackElo "2372"]
[PlyCount "84"]
[EventDate "2019.??.??"]
[WhiteTeam "SC Lorsch"]
[BlackTeam "SF Bad Mergentheim"]

1. d4 c5 2. e3 Nf6 3. Nf3 d5 4. Nbd2 Nc6 5. c3 cxd4 6. exd4 Bf5 7. Be2 h6 8.
O-O e6 9. Ne5 Nxe5 10. dxe5 Nd7 11. Nf3 Be4 12. Bb5 a6 13. Bxd7+ Qxd7 14. Be3
Be7 15. Re1 O-O 16. Bd4 b5 17. a3 a5 18. Nd2 Bg6 19. Qe2 Qb7 20. b4 a4 21. f4
Rfc8 22. Rf1 Bd8 23. g4 Bb6 24. f5 Bh7 25. Qe3 Rc6 26. Rad1 Rac8 27. Nb1 Bxd4
28. Rxd4 Qe7 29. Qg3 Rc4 30. Rxc4 Rxc4 31. Nd2 Rc8 32. h4 Qa7+ 33. Kh2 d4 34.
cxd4 Qxd4 35. Qf4 Qxf4+ 36. Rxf4 exf5 37. gxf5 Rc2 38. Rf2 Bxf5 39. Kg3 g6 40.
Nf1 Rc1 41. Ne3 Rc3 42. Kf4 Be6 0-1

[Event "10. Oeffinger Schachopen"]
[Site "Fellbach-Oeffingen"]
[Date "2019.06.08"]
[Round "2.2"]
[White "Neyman, Igor"]
[Black "Pfrommer, Martin"]
[Result "1-0"]
[WhiteElo "2331"]
[BlackElo "1971"]
[PlyCount "67"]
[EventDate "2019.??.??"]
[WhiteTeam "Stuttgarter SF"]
[BlackTeam "SU Schorndorf"]

1. d4 Nf6 2. c4 e6 3. Nf3 Bb4+ 4. Nbd2 d5 5. a3 Be7 6. e3 O-O 7. Qc2 b6 8. cxd5
exd5 9. b3 Ba6 10. Bxa6 Nxa6 11. Bb2 Rc8 12. Qd3 Nb8 13. O-O Re8 14. Rac1 Bd6
15. Rfd1 a5 16. Rc2 Nbd7 17. Qb5 Qe7 18. Nb1 h6 19. Rdc1 Qe6 20. a4 g5 21. Ba3
Bxa3 22. Nxa3 c5 23. dxc5 Rxc5 24. Rxc5 Nxc5 25. Nc2 Nfd7 26. Ncd4 Qg6 27. h3
h5 28. Rxc5 bxc5 29. Qxd7 Rb8 30. Nc6 Qb1+ 31. Kh2 Rxb3 32. Nxg5 Rb7 33. Qe8+
Kg7 34. Ne7 1-0

[Event "10. Oeffinger Schachopen"]
[Site "Fellbach-Oeffingen"]
[Date "2019.06.08"]
[Round "2.3"]
[White "Beckers, Manfred"]
[Black "Schnepp, Gunnar"]
[Result "1/2-1/2"]
[WhiteElo "1981"]
[BlackElo "2297"]
[PlyCount "86"]
[EventDate "2019.??.??"]
[WhiteTeam "SC Plüderhausen"]
[BlackTeam "SK Lauffen"]

1. c4 c5 2. Nc3 Nf6 3. g3 d5 4. cxd5 Nxd5 5. Bg2 Nc7 6. Nf3 Nc6 7. O-O e5 8. d3
Be7 9. Bd2 Be6 10. Qa4 O-O 11. Rac1 f6 12. Ne4 Na6 13. Qb5 Qd7 14. a3 Rac8 15.
Be3 Nc7 16. Qa4 b6 17. Rfe1 Nd5 18. Bd2 Rfd8 19. Red1 Rc7 20. Nc3 Nxc3 21. Bxc3
Nd4 22. Qxd7 Rdxd7 23. Nxd4 cxd4 24. Bb4 Kf8 25. Bxe7+ Kxe7 26. f4 exf4 27.
gxf4 Kd6 28. Kf2 a5 29. Be4 f5 30. Bf3 Bb3 31. Rg1 b5 32. h4 Be6 33. h5 b4 34.
axb4 axb4 35. Ra1 Ra7 36. Rgc1 Ke7 37. e4 dxe3+ 38. Kxe3 b3 39. d4 Ra2 40. Rab1
Ra5 41. Rc3 Rd6 42. Rd1 Kf6 43. d5 Bxd5 1/2-1/2

[Event "10. Oeffinger Schachopen"]
[Site "Fellbach-Oeffingen"]
[Date "2019.06.08"]
[Round "2.4"]
[White "Holzhäuer, Mathias"]
[Black "Franz, Michael"]
[Result "1/2-1/2"]
[WhiteElo "2265"]
[BlackElo "1953"]
[PlyCount "97"]
[EventDate "2019.??.??"]
[WhiteTeam "SK Schmiden/Cannstatt"]
[BlackTeam "SV Besigheim"]

1. e4 c5 2. Nc3 e6 3. f4 d6 4. Nf3 a6 5. g4 b5 6. Bg2 Bb7 7. d3 Qc7 8. O-O Ne7
9. Bd2 Nbc6 10. f5 e5 11. Nd5 Nxd5 12. exd5 Nb4 13. c4 Nxd3 14. b3 Be7 15. Qe2
bxc4 16. bxc4 Nf4 17. Bxf4 exf4 18. f6 gxf6 19. Nh4 Kf8 20. Rxf4 Re8 21. Re1
Bc8 22. Re4 Rg8 23. h3 h5 24. Nf5 Bxf5 25. gxf5 Rg5 26. Qf3 Qd7 27. h4 Rg4 28.
Rxg4 hxg4 29. Qxg4 Bd8 30. Rf1 Qe7 31. Rf3 Ba5 32. Qf4 Qe1+ 33. Rf1 Qe3+ 34.
Qxe3 Rxe3 35. Rf3 Rxf3 36. Bxf3 Kg7 37. Kf2 Bc3 38. Kg3 Bd2 39. Bd1 Kh6 40. Ba4
Kh5 41. Bd1+ Kh6 42. Kg4 Kg7 43. Ba4 Kh6 44. Bc6 a5 45. Be8 Kg7 46. Ba4 Kh6 47.
Be8 Kg7 48. Ba4 Kh6 49. Be8 1/2-1/2

[Event "10. Oeffinger Schachopen"]
[Site "Fellbach-Oeffingen"]
[Date "2019.06.08"]
[Round "2.5"]
[White "Reichenbächer, Thomas"]
[Black "Danada, Tomas"]
[Result "0-1"]
[WhiteElo "1949"]
[BlackElo "2263"]
[PlyCount "116"]
[EventDate "2019.??.??"]
[WhiteTeam "SVG Konstanz"]
[BlackTeam "SC Grunbach"]

1. Nf3 Nf6 2. d4 e6 3. g3 b5 4. Bg2 Bb7 5. O-O c5 6. c3 Be7 7. a4 b4 8. c4 cxd4
9. Nxd4 Bxg2 10. Kxg2 O-O 11. Qd3 Nc6 12. Nxc6 dxc6 13. Qf3 Qd4 14. Nd2 Rac8
15. Qb3 a5 16. Nf3 Qe4 17. Qd3 Rfd8 18. Qxe4 Nxe4 19. Be3 Bc5 20. Bf4 f6 21. h4
e5 22. Bc1 b3 23. g4 Kf7 24. Be3 Bxe3 25. fxe3 Nd2 26. Rfc1 Rb8 27. Rc3 Ke7 28.
h5 Rb4 29. Rac1 Ne4 30. Rd3 Rxd3 31. exd3 Nc5 32. Rd1 Rxa4 33. d4 exd4 34. Nxd4
Ra2 35. Nxc6+ Kf7 36. Kf3 a4 37. Rd5 Ne6 38. Rd7+ Kf8 39. Ra7 Nc5 40. Ra8+ Kf7
41. Ra7+ Ke8 42. Re7+ Kf8 43. Rc7 Rxb2 44. Nd4 Rd2 45. Rxc5 Rxd4 46. exd4 b2
47. Rb5 a3 48. d5 a2 49. Rxb2 a1=Q 50. Rb8+ Ke7 51. Rb7+ Kd6 52. Rb6+ Ke5 53.
Re6+ Kd4 54. Rc6 Qf1+ 55. Kg3 Qg1+ 56. Kf3 Qe3+ 57. Kg2 Qf4 58. Kh3 Ke3 0-1

[Event "10. Oeffinger Schachopen"]
[Site "Fellbach-Oeffingen"]
[Date "2019.06.08"]
[Round "2.6"]
[White "Degenhardt, Horst"]
[Black "Potapov, Aleksey"]
[Result "1-0"]
[WhiteElo "2232"]
[BlackElo "1925"]
[PlyCount "35"]
[EventDate "2019.??.??"]
[WhiteTeam "SC Lorsch"]
[BlackTeam "Stuttgarter SF"]

1. d4 Nf6 2. Nc3 g6 3. e4 d6 4. f4 Bg7 5. a3 O-O 6. Nf3 c5 7. dxc5 dxc5 8. Qxd8
Rxd8 9. e5 Nd5 10. Nxd5 Rxd5 11. Be3 b6 12. b4 Na6 13. c3 Bb7 14. Kf2 e6 15.
Be2 Bf8 16. Nd2 Rad8 17. Ra2 Nc7 18. Bf3 1-0

[Event "10. Oeffinger Schachopen"]
[Site "Fellbach-Oeffingen"]
[Date "2019.06.08"]
[Round "2.7"]
[White "Pfeifer, Wilfried"]
[Black "Gheng, Josef"]
[Result "1/2-1/2"]
[WhiteElo "1935"]
[BlackElo "2199"]
[PlyCount "106"]
[EventDate "2019.??.??"]
[WhiteTeam "TSF Ditzingen"]
[BlackTeam "SK Wernau"]

1. f4 g6 2. Nf3 Bg7 3. d4 Nf6 4. Nc3 d5 5. g3 c6 6. Bg2 Na6 7. Be3 Nc7 8. h3
O-O 9. O-O Nce8 10. Qe1 Bf5 11. Rc1 Nd6 12. g4 Be4 13. Nxe4 Nfxe4 14. b3 a5 15.
c4 a4 16. c5 Nb5 17. b4 f5 18. g5 e6 19. h4 b6 20. Ne5 bxc5 21. bxc5 Bxe5 22.
dxe5 Qa5 23. Qxa5 Rxa5 24. Bxe4 fxe4 25. Bd2 Ra7 26. e3 a3 27. Rb1 Ra4 28. Rb4
Rxb4 29. Bxb4 d4 30. exd4 Nxd4 31. Rd1 Nc2 32. Bc3 Rxf4 33. Rd8+ Kf7 34. Rd7+
Ke8 35. Rxh7 Rf3 36. Ba5 e3 37. Rh8+ Kf7 38. Rc8 Nd4 39. Rc7+ Kg8 40. Rc8+ Kg7
41. Rc7+ Rf7 42. Rxf7+ Kxf7 43. Kf1 Nf3 44. Ke2 Nxe5 45. Bb4 Nc4 46. Kd3 Nb2+
47. Kxe3 e5 48. Ke4 Ke6 49. Bxa3 Nd1 50. Bb4 Nf2+ 51. Ke3 Ng4+ 52. Ke4 Nf2+ 53.
Ke3 Ng4+ 1/2-1/2

[Event "10. Oeffinger Schachopen"]
[Site "Fellbach-Oeffingen"]
[Date "2019.06.08"]
[Round "2.8"]
[White "Gustain, Marc"]
[Black "Durica, Andrej"]
[Result "1-0"]
[WhiteElo "2167"]
[BlackElo "1915"]
[PlyCount "91"]
[EventDate "2019.??.??"]
[WhiteTeam "SF Deizisau"]
[BlackTeam "SC Grunbach"]

1. e4 e5 2. Bc4 f5 3. d4 exd4 4. Qxd4 Nc6 5. Qd5 Qe7 6. Bg5 Qxe4+ 7. Qxe4+ fxe4
8. Nc3 Bb4 9. Nge2 Ne5 10. Bd5 c6 11. Bxe4 d5 12. Bd3 Nxd3+ 13. cxd3 Bf5 14.
O-O-O h6 15. Bh4 g5 16. Bg3 O-O-O 17. Nd4 Bd7 18. a3 Bc5 19. Nb3 Bb6 20. Na4
Bc7 21. Nac5 Bxg3 22. hxg3 b6 23. Nxd7 Kxd7 24. Nd4 c5 25. Nf3 Ne7 26. Ne5+ Ke6
27. Rde1 Kf6 28. Ng4+ Kf7 29. Nxh6+ Kf6 30. Ng4+ Kf7 31. Kd2 Nf5 32. Rxh8 Rxh8
33. Re5 Nd4 34. Rxd5 Rh1 35. Ne3 Rb1 36. Nd1 a5 37. a4 Ra1 38. Rd6 b5 39. axb5
a4 40. b6 a3 41. b7 a2 42. Ra6 Nc6 43. Nc3 Rf1 44. Nxa2 Nd4 45. b8=Q Rxf2+ 46.
Ke1 1-0

[Event "10. Oeffinger Schachopen"]
[Site "Fellbach-Oeffingen"]
[Date "2019.06.08"]
[Round "2.9"]
[White "Viehoff, Jürgen"]
[Black "Heining, Thomas"]
[Result "0-1"]
[WhiteElo "1905"]
[BlackElo "2134"]
[PlyCount "32"]
[EventDate "2019.??.??"]
[WhiteTeam "SC Stetten a.d.F."]
[BlackTeam "Zentrumsbauer Stuttgart"]

1. d4 Nf6 2. Nf3 g6 3. Bg5 Bg7 4. Nbd2 d5 5. c3 O-O 6. e3 b6 7. a4 c5 8. b4 Ne4
9. Nxe4 dxe4 10. Nd2 Bb7 11. Qc2 cxd4 12. cxd4 Qd6 13. Qb1 e5 14. Nc4 Qe6 15.
dxe5 Bd5 16. Nd2 Qxe5 0-1

[Event "10. Oeffinger Schachopen"]
[Site "Fellbach-Oeffingen"]
[Date "2019.06.09"]
[Round "3.1"]
[White "Ivanov, Mikail"]
[Black "Hüttig, Michael"]
[Result "1/2-1/2"]
[WhiteElo "2372"]
[BlackElo "2114"]
[PlyCount "72"]
[EventDate "2019.??.??"]
[WhiteTeam "SF Bad Mergentheim"]
[BlackTeam "SC Erdmannhausen"]

1. d4 Nf6 2. c4 c5 3. d5 d6 4. Nc3 g6 5. e4 Bg7 6. Nge2 O-O 7. Ng3 e6 8. Be2
exd5 9. exd5 Re8 10. O-O h5 11. Bg5 Qb6 12. Qd2 Nbd7 13. h3 Nh7 14. Bf4 Ne5 15.
Rfe1 Bd7 16. Rac1 Re7 17. Bh6 h4 18. Nf1 f5 19. Bxg7 Kxg7 20. f4 Nf7 21. Nh2
Qd8 22. Nf3 Re8 23. Bd3 Qf6 24. Qf2 g5 25. fxg5 Nhxg5 26. Nxh4 f4 27. Ng6 Ne5
28. Nxe5 dxe5 29. Ne4 Qg6 30. Nxg5 Qxg5 31. Kf1 Rf8 32. Be4 b6 33. Ke2 Bf5 34.
Kd3 Kf6 35. Kc3 Rg8 36. Bf3 Qg3 1/2-1/2

[Event "10. Oeffinger Schachopen"]
[Site "Fellbach-Oeffingen"]
[Date "2019.06.09"]
[Round "3.2"]
[White "Heining, Thomas"]
[Black "Neyman, Igor"]
[Result "1/2-1/2"]
[WhiteElo "2134"]
[BlackElo "2331"]
[PlyCount "87"]
[EventDate "2019.??.??"]
[WhiteTeam "Zentrumsbauer Stuttgart"]
[BlackTeam "Stuttgarter SF"]

1. e4 c5 2. Nf3 a6 3. Nc3 d6 4. d4 cxd4 5. Nxd4 e5 6. Nb3 Be7 7. Be3 Nf6 8. f3
Be6 9. Qd2 Nbd7 10. g4 Nb6 11. g5 Nfd7 12. h4 Nc5 13. O-O-O Nc4 14. Bxc4 Bxc4
15. Nxc5 dxc5 16. Qh2 Qb8 17. Nd5 b6 18. b3 Bb5 19. Nxe7 Kxe7 20. Rd5 f6 21.
gxf6+ gxf6 22. Rhd1 Bc6 23. R5d2 Qc7 24. Rg2 Rag8 25. Rdg1 Rxg2 26. Rxg2 Rf8
27. h5 Qd7 28. h6 Qe6 29. Qg1 Be8 30. Rg7+ Rf7 31. Rg8 f5 32. Bg5+ Kd7 33. Qd1+
Kc6 34. Qd8 Bd7 35. Qa8+ Kd6 36. Qxa6 fxe4 37. Qxb6+ Kd5 38. c4+ Kd4 39. Qa5 e3
40. Kb2 Rxf3 41. Qc3+ Ke4 42. Qc2+ Kd4 43. Qc3+ Ke4 44. Qc2+ 1/2-1/2

[Event "10. Oeffinger Schachopen"]
[Site "Fellbach-Oeffingen"]
[Date "2019.06.09"]
[Round "3.3"]
[White "Danada, Tomas"]
[Black "Gabriel, Josef"]
[Result "1/2-1/2"]
[WhiteElo "2263"]
[BlackElo "2062"]
[PlyCount "70"]
[EventDate "2019.??.??"]
[WhiteTeam "SC Grunbach"]
[BlackTeam "Stuttgarter SF"]

1. d4 g6 2. c4 Bg7 3. Nc3 d6 4. e4 Nc6 5. Nge2 e5 6. d5 Nce7 7. Be3 f5 8. f3
fxe4 9. fxe4 Nf6 10. h3 O-O 11. Qd2 b5 12. cxb5 a6 13. Ng3 h5 14. Bd3 axb5 15.
Bxb5 Ba6 16. Bxa6 Rxa6 17. O-O c5 18. dxc6 Rxc6 19. Rac1 Qb8 20. Rf2 Kh7 21.
Rcf1 Rc4 22. Bg5 Neg8 23. b3 Rc6 24. Nd5 Nxd5 25. Rxf8 Bxf8 26. Rf7+ Bg7 27.
exd5 Rc7 28. Qf2 Rxf7 29. Qxf7 Qb4 30. Kh2 h4 31. Ne2 Qe1 32. Qf3 Nh6 33. Nc3
Nf5 34. Ne4 Bh6 35. Bxh6 Kxh6 1/2-1/2

[Event "10. Oeffinger Schachopen"]
[Site "Fellbach-Oeffingen"]
[Date "2019.06.09"]
[Round "3.4"]
[White "Stein, Carsten"]
[Black "Degenhardt, Horst"]
[Result "1/2-1/2"]
[WhiteElo "1996"]
[BlackElo "2232"]
[PlyCount "28"]
[EventDate "2019.??.??"]
[WhiteTeam "SK Wernau"]
[BlackTeam "SC Lorsch"]

1. d4 d5 2. Nf3 e6 3. e3 Nf6 4. Bd3 Nbd7 5. Nbd2 c5 6. b3 a6 7. a4 b6 8. Bb2
Bb7 9. O-O Be7 10. Ne5 cxd4 11. exd4 Nxe5 12. dxe5 Nd7 13. Qg4 g6 14. Rfe1 Nc5
1/2-1/2

[Event "10. Oeffinger Schachopen"]
[Site "Fellbach-Oeffingen"]
[Date "2019.06.09"]
[Round "3.5"]
[White "Engbrecht, Helmut"]
[Black "Gustain, Marc"]
[Result "0-1"]
[WhiteElo "1989"]
[BlackElo "2167"]
[PlyCount "100"]
[EventDate "2019.??.??"]
[WhiteTeam "SU Schorndorf"]
[BlackTeam "SF Deizisau"]

1. e4 d5 2. Nc3 dxe4 3. Nxe4 Bf5 4. Ng3 Bg6 5. d4 e6 6. Nf3 Nd7 7. h4 h6 8. Bd3
Bxd3 9. Qxd3 Ngf6 10. Bd2 Bd6 11. Ne4 Nxe4 12. Qxe4 c6 13. O-O-O Nf6 14. Qe2
Qc7 15. Ne5 O-O-O 16. Kb1 Rhe8 17. g3 c5 18. c3 cxd4 19. cxd4 Kb8 20. Rc1 Qe7
21. Ba5 Rc8 22. Qb5 a6 23. Qb3 Bxe5 24. dxe5 Nd5 25. f4 Rc5 26. Bd2 Rec8 27.
Rxc5 Qxc5 28. Rc1 Qd4 29. Rxc8+ Kxc8 30. Kc2 h5 31. a3 g6 32. Qd3 Qc5+ 33. Kb3
Kc7 34. Ka2 b5 35. b3 Kc6 36. Kb2 Kb7 37. Bc3 Qf2+ 38. Bd2 Kb6 39. Kc2 a5 40.
Kb2 a4 41. bxa4 bxa4 42. Kc2 Qc5+ 43. Kb2 Kc6 44. Qa6+ Nb6 45. Qd3 Nc4+ 46. Ka2
Nxd2 47. Qxd2 Qd5+ 48. Qxd5+ Kxd5 49. Kb2 Kd4 50. Kc2 Kc4 0-1

[Event "10. Oeffinger Schachopen"]
[Site "Fellbach-Oeffingen"]
[Date "2019.06.09"]
[Round "3.6"]
[White "Schnepp, Gunnar"]
[Black "Pfeifer, Wilfried"]
[Result "1-0"]
[WhiteElo "2297"]
[BlackElo "1935"]
[PlyCount "99"]
[EventDate "2019.??.??"]
[WhiteTeam "SK Lauffen"]
[BlackTeam "TSF Ditzingen"]

1. d4 f5 2. Nf3 e6 3. c4 Nf6 4. Nc3 Bb4 5. Bd2 O-O 6. g3 b6 7. Bg2 Bb7 8. O-O
Qe7 9. Nb5 Bxd2 10. Qxd2 d6 11. Qe3 a6 12. Nc3 Nc6 13. Ng5 Rae8 14. Qxe6+ Qxe6
15. Nxe6 Rxe6 16. d5 Re5 17. dxc6 Ba8 18. Nd5 Rxe2 19. Nxc7 Ne4 20. Nd5 Kf7 21.
b3 Bxc6 22. Nxb6 Rb8 23. Nd5 Bxd5 24. cxd5 Rb5 25. Rfe1 Rd2 26. Bxe4 fxe4 27.
Rxe4 Rbxd5 28. Rae1 Rf5 29. R4e2 Rdd5 30. Re7+ Kg6 31. R1e6+ Rf6 32. Rxf6+ Kxf6
33. Ra7 a5 34. Kf1 h5 35. h4 g5 36. hxg5+ Kxg5 37. Ke2 h4 38. gxh4+ Kxh4 39. a4
Kg4 40. Ke3 Kf5 41. Rb7 Rd1 42. Rb5+ d5 43. Rxa5 Ke5 44. Rb5 Re1+ 45. Kd2 Rf1
46. Ke2 Rb1 47. a5 Kd4 48. a6 Rb2+ 49. Kf3 Ra2 50. Rb4+ 1-0

[Event "10. Oeffinger Schachopen"]
[Site "Fellbach-Oeffingen"]
[Date "2019.06.09"]
[Round "3.7"]
[White "Graf, Michael"]
[Black "Holzhäuer, Mathias"]
[Result "0-1"]
[WhiteElo "1837"]
[BlackElo "2265"]
[PlyCount "98"]
[EventDate "2019.??.??"]
[WhiteTeam "SC Grunbach"]
[BlackTeam "SK Schmiden/Cannstatt"]

1. b4 e5 2. Bb2 Bxb4 3. Bxe5 Nf6 4. c4 O-O 5. e3 d5 6. cxd5 Nxd5 7. Nf3 Re8 8.
Be2 Rxe5 9. Nxe5 Qf6 10. f4 Nxe3 11. Qb3 Nxg2+ 12. Kd1 Nxf4 13. Nxf7 Qxf7 14.
Bc4 Be6 15. Bxe6 Nxe6 16. Re1 Nc6 17. Qxe6 Qxe6 18. Rxe6 Rd8 19. a3 Bd6 20. h3
Ne5 21. d4 Bc5 22. Rxe5 Bxd4 23. Re7 Bf6+ 24. Kc2 Bxe7 25. Nc3 Bf6 26. Rb1 Bxc3
27. Kxc3 b6 28. Rf1 Rd5 29. Kc4 Rc5+ 30. Kb4 g6 31. Rf3 Kg7 32. Rf2 g5 33. Rg2
Kg6 34. Re2 h5 35. Re6+ Kf5 36. Rh6 h4 37. Rh7 Kf4 38. Rd7 Kg3 39. Rd3+ Kg2 40.
Rb3 a6 41. Rd3 Rf5 42. Rd7 Kxh3 43. Rxc7 g4 44. Rc6 Rb5+ 45. Ka4 g3 46. Rh6
Ra5+ 47. Kb4 g2 48. Rxb6 Rb5+ 49. Ka4 Rxb6 0-1

[Event "10. Oeffinger Schachopen"]
[Site "Fellbach-Oeffingen"]
[Date "2019.06.09"]
[Round "3.8"]
[White "Gheng, Josef"]
[Black "Beckers, Manfred"]
[Result "1-0"]
[WhiteElo "2199"]
[BlackElo "1981"]
[PlyCount "57"]
[EventDate "2019.??.??"]
[WhiteTeam "SK Wernau"]
[BlackTeam "SC Plüderhausen"]

1. c4 Nf6 2. Nf3 c5 3. g3 g6 4. Bg2 Bg7 5. O-O O-O 6. d4 cxd4 7. Nxd4 a6 8. Nc3
Nc6 9. e3 Qc7 10. b3 d6 11. Bb2 Bd7 12. Rc1 Qa5 13. a3 Rac8 14. Nde2 Rfd8 15.
h3 Qb6 16. Nf4 Qa7 17. Ba1 Be6 18. Nxe6 fxe6 19. Ne2 e5 20. b4 b6 21. Kh2 Qd7
22. f4 Ne8 23. g4 e6 24. Ng3 exf4 25. exf4 Bxa1 26. Rxa1 Qg7 27. f5 gxf5 28.
gxf5 Nd4 29. f6 1-0